| 000 | 00000nam 2200000za 4500 |
| 001 | 9.837947 |
| 003 | CaOODSP |
| 005 | 20221107151248 |
| 007 | cr ||||||||||| |
| 008 | 170608s2014 onc #o f000 0 fre d |
| 040 | |aCaOODSP|bfre |
| 043 | |an-cn--- |
| 086 | 1 |aBC92-95/2014F-PDF |
| 245 | 00|aConsentement exprès vs consentement tacite |h[ressource électronique] : |bce qu'il faut savoir avant d'envoyer un message électronique commercial |
| 260 | |a[Ottawa] : |bConseil de la radiodiffusion et des télécommunications canadiennes, |c[2014] |
| 300 | |a1 p. |
| 500 | |aPubli. aussi en anglais sous le titre : Express consent versus implied consent. |
| 500 | |a« Loi canadienne anti-pourriel (LCAP) ». |
| 692 | 07|2gccst|aLégislation |
| 692 | 07|2gccst|aCommunications |
| 710 | 2 |aConseil de la radiodiffusion et des télécommunications canadiennes. |
| 775 | 08|tExpress consent versus implied consent |w(CaOODSP)9.837945 |
| 856 | 40|qPDF|s790 Ko|uhttps://publications.gc.ca/collections/collection_2017/crtc/BC92-95-2014-fra.pdf |